Catalog

Record Details

Catalog Search



Český ekumenismus : theologické kořeny a současná tvář církví Cover Image Book Book

Český ekumenismus : theologické kořeny a současná tvář církví K tisku připravili P. Filipi, P. Pokorný, M. Salajka a J. Svoboda

Filipi, Pavel (Author). Pokorný, Petr (Added Author). Salajka, Milan (Added Author). Svoboda, Jiří (Added Author).

Record details

  • Physical Description: 238 s.
  • Publisher: Praha Ekumenická rada církví 1976

Available copies

  • 2 of 2 copies available at Common Catalog SPOK.

Holds

  • 0 current holds with 2 total copies.
Show Only Available Copies
Location Call Number / Copy Notes Barcode Shelving Location Status Due Date
ETS Library 280.042 424470000429 Volný výběr Available -
ETS Library 280.042 424470004472 Volný výběr Available -

LDR 00895nam a2 00265
00135052
003CZ-PrJAB
00520030723000000.0
008020204s1976 xxu e |||| |eng
009us
035 . ‡a(CONS)1687
035 . ‡aKPS1010
041 . ‡aeng
08214. ‡a280.042
100 . ‡7173 ‡aFilipi, Pavel
245 . ‡aČeský ekumenismus : ‡btheologické kořeny a současná tvář církví ‡cK tisku připravili P. Filipi, P. Pokorný, M. Salajka a J. Svoboda
260 . ‡aPraha ‡bEkumenická rada církví ‡c1976
300 . ‡a238 s.
653 . ‡aČeský ekumenismus ‡atheologické kořeny a současná tvář církví
700 . ‡7193 ‡aPokorný, Petr
700 . ‡71202 ‡aSalajka, Milan
700 . ‡73142 ‡aSvoboda, Jiří
8524 . ‡bETS ‡bETS ‡cVolný výběr ‡j280.042 ‡gA ‡p424470004472
8524 . ‡bETS ‡bETS ‡cVolný výběr ‡j280.042 ‡gA ‡p424470000429
910 . ‡aABG450
999 . ‡a1687 ‡bAUTOGEN ‡c1687 ‡tbiblio
905 . ‡uadmin
901 . ‡a35052 ‡b ‡c35052 ‡tbiblio ‡sets

Additional Resources